|
|
|
|
| LEADER |
01934cam a2200493 i 4500 |
| 001 |
nkc20152709131 |
| 003 |
CZ PrNK |
| 005 |
20160805080314.0 |
| 007 |
ta |
| 008 |
151016s2015 xr a e p 000 0 cze d |
| 015 |
|
|
|a cnb002709131
|
| 020 |
|
|
|a 978-80-248-3775-8
|q (brožováno)
|
| 035 |
|
|
|a (OCoLC)956487850
|
| 040 |
|
|
|a PNA001
|b cze
|d OLA001
|d ABA001
|e rda
|
| 072 |
|
7 |
|a 621
|x Strojírenství
|2 Konspekt
|9 19
|
| 072 |
|
7 |
|a 37.016
|x Učební osnovy. Vyučovací předměty. Učebnice
|2 Konspekt
|9 22
|
| 080 |
|
|
|a 621.9.02
|2 MRF
|
| 080 |
|
|
|a (075.8)
|2 MRF
|
| 100 |
1 |
|
|a Mrkvica, Miloš,
|d 1928-
|7 mzk2006348909
|4 aut
|
| 245 |
1 |
0 |
|a Přípravky a obráběcí nástroje.
|n I. díl,
|p Řezné nástroje /
|c Miloš Mrkvica
|
| 246 |
3 |
0 |
|a Řezné nástroje
|
| 250 |
|
|
|a 4. vydání
|
| 264 |
|
1 |
|a Ostrava :
|b VŠB - Technická univerzita Ostrava,
|c 2015
|
| 300 |
|
|
|a 188 stran :
|b ilustrace ;
|c 30 cm
|
| 336 |
|
|
|a text
|b txt
|2 rdacontent
|
| 337 |
|
|
|a bez média
|b n
|2 rdamedia
|
| 338 |
|
|
|a svazek
|b nc
|2 rdacarrier
|
| 500 |
|
|
|a Nad názvem: Vysoká škola báňská - Technická univerzita Ostrava, Fakulta strojní
|
| 500 |
|
|
|a 50 výtisků
|
| 504 |
|
|
|a Obsahuje bibliografie
|
| 521 |
8 |
|
|a Určeno pro posluchače 3. ročníku bakalářského studia FS VŠB-TU
|
| 650 |
0 |
7 |
|a obráběcí nástroje
|7 ph123611
|2 czenas
|
| 650 |
0 |
7 |
|a řezné nástroje
|7 ph150529
|2 czenas
|
| 650 |
0 |
9 |
|a cutting tools
|2 eczenas
|
| 655 |
|
7 |
|a učebnice vysokých škol
|7 fd133772
|2 czenas
|
| 655 |
|
9 |
|a textbooks (higher)
|2 eczenas
|
| 710 |
2 |
|
|a Vysoká škola báňská - Technická univerzita Ostrava.
|b Strojní fakulta
|7 kn20010709395
|4 isb
|
| 910 |
2 |
|
|a BOA001
|b 4-1369.380,1
|
| 920 |
|
|
|a 000723720
|z PNA001
|
| 928 |
9 |
|
|a Vysoká škola báňská - Technická univerzita Ostrava
|
| 990 |
|
|
|a BK
|
| 995 |
|
|
|a 01
|
| 991 |
|
|
|b 201607
|c NOV
|
| 996 |
6 |
|
|b 2610675051
|c 4-1369.380,1
|l MZK
|r Sklad / do 1 hodiny
|n 8
|p p.v.
|w 001567583
|u 000010
|a 1
|e BOA001
|j MZK50
|s P
|